00709cam a22002531 4500001001300000003000400013005001700017008004100034010001700075025001900092035002000111040002300131042001200154043001200166050001800178082001500196100001900211245007600230260004900306300001900355651003100374650003300405999001700438sa 68000658 DLC20260227112426.0860918s1967 pk 000 0 eng  asa 68000658  aPL480:P-E-1213 a(OCoLC)14232252 aDLCcWaUdWaUdDLC apremarc aa-pk---00aHC440.5b.H39 a338.91/5491 aHasan, Mumtaz.10aStray thoughts on economic development of Pakistan;bselected speeches. a[Karachi,bEconomic Research Academy,c1967] a137 p.c24 cm. 0aPakistanxEconomic policy. 0aBanks and bankingzPakistan. c77370d77370